| 000 | 00651nam a2200193 i 4500 | ||
|---|---|---|---|
| 001 | 61640 | ||
| 003 | ES-MaACL | ||
| 005 | 20250901062529.0 | ||
| 007 | t| | ||
| 008 | 031113s1960 an ||||1| spa d | ||
| 100 | 1 |
_aFabregues, J. de. _948569 |
|
| 245 | 1 | 3 |
_aEl matrimonio cristiano / _cJ. de Fabregues ; [versión española de T.L.]. |
| 260 |
_aAndorra : _bCasal i Vall, _c[1960] |
||
| 300 |
_a138 p. ; _c18 cm. |
||
| 490 | 1 | _aYo sé, yo creo : enciclopedia del católico en el siglo XX | |
| 830 | 0 | 0 |
_aYo sé, yo creo: enciclopedia del católico del siglo XX _9186579 |
| 852 |
_aES-MaACL _jC-18300 _bR.46278 |
||
| 999 |
_c61640 _d61640 |
||